000 00551nam a2200193Ia 4500
005 20250508165630.0
008 008 250505s9999 xx 000 0 eng d
037 _aTextual
040 _aFEDL
_beng
_cFEDL
041 _aeng
_2eng
084 _a621.252, WIL
_qFEDL
100 _aWilliams Arthur
_9488135
245 0 _aPumps as turbbines : a user guide
260 _aLondon, UK
_bIntermediate Technology Publication
_c1995
300 _aix,58p.
365 _aGBP
_b4.95
942 _cTEXL
_h621.252, WIL
999 _c1396336
_d1396336